Normal view
MARC view
- Arellano-carandang, Maria Lourdes
Entry Personal Name
001 - CONTROL NUMBER
- control field: 33813
003 - CONTROL NUMBER IDENTIFIER
- control field: OSt
005 - DATE AND TIME OF LATEST TRANSACTION
- control field: 20190111133159.0
008 - FIXED-LENGTH DATA ELEMENTS
- fixed length control field: 190111|| aca||aabn | a|a d
040 ## - CATALOGING SOURCE
- Original cataloging agency: OSt
- Transcribing agency: OSt
100 ## - HEADING--PERSONAL NAME
- Personal name: Arellano-carandang, Maria Lourdes
670 ## - SOURCE DATA FOUND
- Source citation: Work cat.: (OSt): Arellano-carandang, Maria Lourdes, Filipino children under stress:, ©1987
